Art and History of Egypt (Record no. 1042)

MARC details
000 -LEADER
fixed length control field 00513nam a22001697a 4500
003 - CONTROL NUMBER IDENTIFIER
control field OSt
005 - DATE AND TIME OF LATEST TRANSACTION
control field 20260421123350.0
008 - FIXED-LENGTH DATA ELEMENTS--GENERAL INFORMATION
fixed length control field 250615b |||||||| |||| 00| 0 eng d
020 ## - INTERNATIONAL STANDARD BOOK NUMBER
International Standard Book Number ‎9788880290865
040 ## - CATALOGING SOURCE
Original cataloging agency Outspan Global University
Transcribing agency Outspan Global University
050 ## - LIBRARY OF CONGRESS CALL NUMBER
Classification number N5350
Item number .C37 2001
100 ## - MAIN ENTRY--PERSONAL NAME
Personal name Carpiceci Alberto Carlo
Relator term Author
245 ## - TITLE STATEMENT
Title Art and History of Egypt
Statement of responsibility, etc. by Alberto Carlo Carpiceci
260 ## - PUBLICATION, DISTRIBUTION, ETC.
Place of publication, distribution, etc. Florence, Italy;
Name of publisher, distributor, etc. Bonechi,
Date of publication, distribution, etc. c1996
650 ## - SUBJECT ADDED ENTRY--TOPICAL TERM
Source of heading or term Art and History
942 ## - ADDED ENTRY ELEMENTS (KOHA)
Source of classification or shelving scheme Library of Congress Classification
Koha item type Books
Suppress in OPAC No
Holdings
Withdrawn status Lost status Source of classification or shelving scheme Damaged status Not for loan Home library Current library Shelving location Date acquired Total checkouts Full call number Barcode Date last seen Price effective from Koha item type
    Library of Congress Classification     Main Campus 3rd Floor Main Library General stacks 06/15/2025   N5350 .C37 2001 103228 06/15/2025 06/15/2025 Books